000 00446nam a2200109Ia 4500
008 160909s9999 xx 000 0 und d
100 _aNyandoro, Cephus K.
245 _aFactors influencing information communication technology (ICT) acceptance and use in small and medium enterprises (SMEs) in Kenya
260 _bCapella University.
_c2016
650 _aInformation Technology
856 _uhttp://pqdtopen.proquest.com/doc/1769012171.html?FMT=ABS
999 _c303738
_d303738